000 00243nam a2200097Ia 4500
008 230508s2008 xx 000 0 und d
041 _aeng
100 _aPUNMIA B C
245 _aSOIL MECHANICS AND FOUNDATIONS
260 _bLAXMI PUB.
_c2008
_g2007
999 _c315297
_d315297